000
00219 a2200109 4500
003
Nust
005
20170207154228.0
040
_c
Nust
082
_a
371.33
245
_a
Ben Hur (VHS-365)
440
_a
Ben Hur (VHS-365)
538
_a
Duration Mins 200
999
_c
195710
_d
195710